Discussion paper: the social, economic and institucional challenges of implementing ecoregion-based conservation for WWF-US (Registro nro. 9365)

Detalles MARC
000 -CABECERA
Campo de control 006000000a22001810004500
090 ## - CLASIFICACIÓN LOCAL
Colección AR
Consecutivo 00265
041 0# - IDIOMA
Código de idioma para texto/pista de sonido o título separado
100 1# - ASIENTO PRINCIPAL--NOMBRE PERSONAL
Nombre personal Freudenberger, Mark
245 10 - MENCION DE TITULO
Título Discussion paper: the social, economic and institucional challenges of implementing ecoregion-based conservation for WWF-US
650 14 - ASIENTO SECUNDARIO DE MATERIA - TERMINO TEMATICO
Término temático o nombre geográfico como elemento de entrada Ecorregiones
650 14 - ASIENTO SECUNDARIO DE MATERIA - TERMINO TEMATICO
Término temático o nombre geográfico como elemento de entrada Conservación de biodiversidad
650 14 - ASIENTO SECUNDARIO DE MATERIA - TERMINO TEMATICO
Término temático o nombre geográfico como elemento de entrada Aspectos socioculturales
650 14 - ASIENTO SECUNDARIO DE MATERIA - TERMINO TEMATICO
Término temático o nombre geográfico como elemento de entrada WWF
650 14 - ASIENTO SECUNDARIO DE MATERIA - TERMINO TEMATICO
Término temático o nombre geográfico como elemento de entrada Política de investigación
700 1# - ASIENTO SECUNDARIO - NOMBRE PERSONAL
Nombre personal Larson, Patty
773 1# - Item fuente:
Título Preprint
Especificación de materiales 3
Paginas del Articulo 1-8
Lugar, editorial y fecha de publicación 1997
942 ## - ELEMENTOS ADICIONALES (KOHA)
Tipo de ítem Artículo
Existencias
Withdrawn status Lost status Damaged status No para préstamo Colección Ubicación Permanente Ubicación actual Fecha de adquisición Fuente de Valor Datos de publicación Seriada Total Checkouts Número topográfico Inventario / Código de Barras Date last seen Ejemplar Price effective from Forma de adquisición Tipo de material
      No para Préstamo Hemeroteca Bogotá Bogotá 27/02/2015 Fernández, Fernando Fuera de circulación   AR 00265 010509 25/03/2015 1 25/03/2015   Artículo